000 01026nam a2200289 4500
003 EG-GICUC
005 20260216085105.0
008 260216s1983 ua ||||fr|||| 00| 0 ara d
040 _a EG-GICUC
_bara
_c EG-GICUC
_d EG-GICUC
_erda
041 0 _aara
082 0 4 _221
_a341.24
_bع ب . إ
092 0 4 _221
099 _aLaw1 341.24 ع ب . إ 1983
100 0 _aعبد الله الاشعل
_eAuthor.
245 1 0 _aالإطار القانوني والسياسي لمجلس التعاون الخليجي /
_cعبد الله الاشعل.
250 _aالطبعة الاولى
264 1 _aالرياض :
_b[الناشر غير محدد]،
_c1983.
300 _a291 ؛ صفحة
_c24 سم
336 _2rda content
_atext
337 _2rda media
_aComputer
338 _2rda carrier
_aOnline Resource
546 _aالنص باللغة العربية
650 1 4 _aالقانون الدولي العام
856 4 0 _uhttps://fll.law.cu.edu.eg/fulltext/bks/B11-07792.pdf
905 _a30
942 _2ddc
_cBK
_e21
_n0
999 _c63181
_d63181